000 00602nam a2200205Ii 4500
003 JO-AjNU
008 230606s9999||||xx |||||||||||||| ||und||
020 _a978-0-655-92247-6
040 _aJO-AjNU
_beng
_erda
_cJO-AjNU
041 _aeng
050 1 4 _aQA76.9.2020
245 0 0 _aDatabase Security A Complete Guide - 2020 Practical Tools for Self - Assessment: the Art of Service
250 _a1ed
264 3 1 _aUSA: COPPELL,TX,2022
300 _a302p
336 _atext
_btxt
_2rdacontent
337 _aunmediated
_bn
_2rdamedia
338 _avolume
_bnc
_2rdacarrier
650 4 _aDatabase
_96763
999 _aE3513
_c3505
_d3505